Normal view
MARC view
- Wales
Entry Topical Term
001 - CONTROL NUMBER
- control field: 118857
003 - CONTROL NUMBER IDENTIFIER
- control field: NUST
005 - DATE AND TIME OF LATEST TRANSACTION
- control field: 20231128145413.0
008 - FIXED-LENGTH DATA ELEMENTS
- fixed length control field: 231128|| aca||aabn | a|a d
040 ## - CATALOGING SOURCE
- Original cataloging agency: NUST
- Transcribing agency: NUST
150 ## - HEADING--TOPICAL TERM
- Topical term or geographic name entry element: Wales
670 ## - SOURCE DATA FOUND
- Source citation: Work cat.: (NUST)1869: Cousins, Matthew. 118855, Architect's legal pocket book /, 2011.
